| 000 | 00000nam 2200000zi 4500 |
| 001 | 9.926741 |
| 003 | CaOODSP |
| 005 | 20240130161722 |
| 006 | m o d f |
| 007 | cr cn||||||||| |
| 008 | 230830t20232023onca o f000 0 eng d |
| 020 | |a9780660677330 |
| 040 | |aCaOODSP|beng|erda|cCaOODSP |
| 043 | |an-cn---|ae-uk--- |
| 086 | 1 |aIu71-4/106-2023E-PDF |
| 245 | 00|aDoing business abroad : |bprotecting your IP in the United Kingdom. |
| 264 | 1|a[Ottawa] : |bInnovation, Science and Economic Development Canada = Innovation, sciences et développement économique Canada, |c[2023] |
| 264 | 4|c©2023 |
| 300 | |a1 online resource (18 pages, 1 unnumbered page) : |bcolour illustrations |
| 336 | |atext|btxt|2rdacontent |
| 337 | |acomputer|bc|2rdamedia |
| 338 | |aonline resource|bcr|2rdacarrier |
| 500 | |aIssued also in French under title: Faire des affaires à l'étranger : protéger votre PI au Royaume-Uni. |
| 650 | 0|aIntellectual property|zGreat Britain. |
| 710 | 1 |aCanada. |bInnovation, Science and Economic Development Canada, |eissuing body. |
| 710 | 2 |aCanadian Intellectual Property Office, |eissuing body. |
| 775 | 08|tFaire des affaires à l'étranger : |w(CaOODSP)9.926742 |
| 856 | 40|qPDF|s4.16 MB|uhttps://publications.gc.ca/collections/collection_2024/opic-cipo/Iu71-4-106-2023-eng.pdf |